Full/Official Country Endonym - Statistics

General Stats
  • This quiz has been taken 9 times
  • The average score is 69 of 196
Answer Stats
Hint Answer % Correct
Federated States of Micronesia Federated States of Micronesia
83%
Ísland Iceland
83%
Repubblika ta' Malta Republic of Malta
83%
Barbados Barbados
67%
Belize Belize
67%
Bosna I Hercegovina Bosnia and Herzegovina
67%
Commonwealth of Australia Commonwealth of Australia
67%
República Democrática de São Tomé e Príncipe Democratic Republic of São Tomé and Príncipe
67%
République Démocratique du Congo Democratic Republic of the Congo
67%
Grenada Grenada
67%
Éire Ireland
67%
Jamaica Jamaica
67%
Кыргыз Республикасы [Kyrgyz Respublikasy] Kyrgyz Republic
67%
República da Guiné-Bissau Republic of Guinea-Bissau
67%
República de Honduras Republic of Honduras
67%
Ribaberiki Kiribati Republic of Kiribati
67%
Latvijas Republika Republic of Latvia
67%
République du Mali Republic of Mali
67%
República de Nicaragua Republic of Nicaragua
67%
République de Sénégal Republic of Senegal
67%
Republic of South Sudan Republic of South Sudan
67%
Estados Unidos Mexicanos United Mexican States
67%
Canada Canada
50%
Commonwealth of Dominica Commonwealth of Dominica
50%
모두 실크로 감싸져 있어요 [Chosŏn-minjujuŭi-inmin-konghwaguk] Democratic People's Republic of Korea
50%
República Dominicana Dominican Republic
50%
Federal Republic of Nigeria Federal Republic of Nigeria
50%
Federation of Saint Christopher and Nevis Federation of Saint Christopher and Nevis
50%
République Française French Republic
50%
Independent Stet Bilong Papua Niugini Independent State of Papua New Guinea
50%
اسلامی جمہوریہ پاکستان [Islami Jamhuriya Pakistan] Islamic Republic of Pakistan
50%
Repubblica Italiana Italian Republic
50%
Koninkrijk België Kingdom of Belgium
50%
Kongeriket Norge Kingdom of Norway
50%
Malaysia Malaysia
50%
New Zealand New Zealand
50%
Principauté de Monaco Principality of Monaco
50%
República de Angola Republic of Angola
50%
Republik Österreich Republic of Austria
50%
Рэспубліка Беларус [Respublika Bielaruś] Republic of Belarus
50%
Република България [Republika Balgariya] Republic of Bulgaria
50%
República de Cabo Verde Republic of Cabo Verde
50%
République du Cameroun Republic of Cameroon
50%
República de Costa Rica Republic of Costa Rica
50%
República del Ecuador Republic of Ecuador
50%
República de El Salvador Republic of El Salvador
50%
Eesti Vabariik Republic of Estonia
50%
República de Guatemala Republic of Guatemala
50%
جمهورية العراق [Al Jumhūrīyah al 'Irāqīyah] Republic of Iraq
50%
Қазақстан Республикасы [Qazaqstan Respūblīkasy] Republic of Kazakhstan
50%
Repoblikan'i Madagasikara Republic of Madagascar
50%
Republic of Mauritius Republic of Mauritius
50%
Republica Moldova Republic of Moldova
50%
Rzeczpospolita Polska Republic of Poland
50%
Repubblica di San Marino Republic of San Marino
50%
Republic of Seychelles Republic of Seychelles
50%
Republic of Sierra Leone Republic of Sierra Leone
50%
Republika Slovenija Republic of Slovenia
50%
Republika ng Pilipinas Republic of the Philippines
50%
Republic of Uganda Republic of Uganda
50%
Republic of Zambia Republic of Zambia
50%
Türkemnistan Turkmenistan
50%
Tuvalu Tuvalu
50%
Antigua and Barbuda Antigua and Barbuda
33%
Repúbica Argentina Argentine Republic
33%
República Bolivariana de Venezuela Bolivarian Republic of Venezuela
33%
Burkina Faso Burkina Faso
33%
Co-operative Republic of Guyana Co-operative Republic of Guyana
33%
Bundesrepublik Deutschland Federal Republic of Germany
33%
Jamhuuriyadda Federaalka Soomaaliya Federal Republic of Somalia
33%
República Federativa do Brasil Federative Republic of Brazil
33%
République Gabonaise Gabonese Republic
33%
საქართველო [Sak'art'velo] Georgia
33%
امارت اسلامی افغانستان [Emarat-e Islami Afghanistan]جُمْهُورِئ إِسْلامِئ أَفْغَانِسْتَان [Jomhūrī-ye Eslami-ye Afghanestan] Islamic Emirate of Afghanistan
33%
مملكة البحرين [Mamlakat al Bahrayn] Kingdom of Bahrain
33%
ព្រះរាជាណាចក្រកម្ពុជា [Preăhréachéanachâkr Kâmpŭchéa] Kingdom of Cambodia
33%
Umbuso Weswatini Kingdom of Eswatini
33%
Muso os Lesotho Kingdom of Lesotho
33%
المملكة العربية السعودية [Al Mamlakah al 'Arabīyah as Su'ūdīyah] Kingdom of Saudi Arabia
33%
Reino de España Kingdom of Spain
33%
Koninkruk der Nederlanden Kingdom of the Netherlands
33%
Монгол Mongolia
33%
Црна Гора [Crna Gora] Montenegro
33%
República Oriental del Uruguay Oriental Republic of Uruguay
33%
Estadio Plurinacional de Bolivia Plurinational State of Bolivia
33%
República Portuguesa Portuguese Republic
33%
Principat d'Andorra Principality of Andorra
33%
Republika e Shqipërisë Republic of Albania
33%
République du Bénin Republic of Benin
33%
جمهورية تشاد [Jumhuriyat Tshad] Republic of Chad
33%
República de Colombia Republic of Colombia
33%
República de Cuba Republic of Cuba
33%
Kıbrıs Cumhuriyeti , Δημοκρατία της Κύπρου [Dimokratia tis Kyprou] Republic of Cyprus
33%
جمهورية جيبوتي [Jumhuriyat Jibuti] Republic of Djibouti
33%
República de Guinea Ecuatorial Republic of Equatorial Guinea
33%
Republic of Ghana Republic of Ghana
33%
République de Guinée Republic of Guinea
33%
République d'Haïti / Repiblik Ayiti Republic of Haiti
33%
Magyarország Republic of Hungary
33%
भारत गणराज्य [Bharat Ganarajya] Republic of India
33%
Republik Indonesia Republic of Indonesia
33%
Republic of Kenya Republic of Kenya
33%
대한민국 [Daehanminguk] Republic of Korea
33%
جمهورية لبنان [Jumhuriyat Lubnan] Republic of Lebanon
33%
Lietuvos Respublika Republic of Lithuania
33%
Chalo cha Malawi / Dziko la Malaŵi Republic of Malawi
33%
República de Moçambique Republic of Mozambique
33%
Republic of Namibia Republic of Namibia
33%
Ripublikee Naoero Republic of Nauru
33%
República de Panamá Republic of Panama
33%
Tetã Paraguái Republic of Paraguay
33%
Republika y'u Rwanda Republic of Rwanda
33%
Република Србија [Republika Srbija] Republic of Serbia
33%
Republic of Singapore Republic of Singapore
33%
Republic of South Africa Republic of South Africa
33%
ҷумҳурии Тоҷикистон [Jumhurii Tojikiston] Republic of Tajikistan
33%
République du Congo Republic of the Congo
33%
Republic of the Gambia Republic of The Gambia
33%
Aolepān Aorōkin Majeļ Republic of the Marshall Islands
33%
جمهورية تونس [Al Jumhūrīyah at Tūnisīyah] Republic of Tunisia
33%
Oʻzbekiston Respublikasi Republic of Uzbekistan
33%
Ripablik blong Vanuatu Republic of Vanuatu
33%
Republic of Zimbabwe Republic of Zimbabwe
33%
România Romania
33%
Российская Федерация [Rossijskaja Federacija] Russian Federation
33%
Saint Lucia Saint Lucia
33%
Saint Vincent and the Grenadines Saint Vincent and the Grenadines
33%
Solomon Islands Solomon Islands
33%
سلطنة عمان [Salţanat 'Umān] Sultanate of Oman
33%
Schweizerische Eidgenossenschaft Swiss Confederation
33%
République Togolaise Togolese Republic
33%
Україна [Ukraina] Ukraine
33%
الإمارات العربية المتحدة [Al Imārāt al 'Arabīyah al Muttahidah] United Arab Emirates
33%
United States of America United States of America
33%
جمهورية مصر العربية [Jumhūrīyat Mişr al 'Arabīyah] Arab Republic of Egypt
17%
Ködörösêse tî Bêafrîka Central African Republic
17%
Česká Republika Czech Republic
17%
Repúblika Demokrátika Timór-Leste Democratic Republic of Timor-Leste
17%
ශ්‍රී ලංකා ජනතා සමාජවාදී ජනරජය [Shrī Lamkā Prajātāntrika Samājavā dī Janarajaya] Democratic Socialist Republic of Sri Lanka
17%
የኢትዮጵያ ፌዴራላዊ ዲሞክራሲያዊ ሪፐብሊክ [YeItyop'iya Federalawi Dimokrasiyawi Ripeblik] Federal Democratic Republic of Ethiopia
17%
संघीय लोकतान्त्रिक गणराज्य नेपाल [Saṁghīya Loktāntrik Gaṇatantra Nepāl] Federal Democratic Republic of Nepal
17%
Groussherzogtum Lëtzebuerg Grand Duchy of Luxembourg
17%
المملكة الأردنية الهاشمية [Al Mamlakah al Urdunīyah al Hāshimīyah] Hashemite Kingdom of Jordan
17%
Ελληνική Δημοκρατία [Elliniki Dimokratia] Hellenic Republic
17%
Malo Sa'oloto Tuto'atasi o Samoa Independent State of Samoa
17%
جمهوری اسلامی ایران [Jomhuri-ye Eslāmi-ye Irān] Islamic Republic of Iran
17%
الجمهورية الإسلامية في اموريتانيا [Al Jumhūrīyah al Islāmīyah al Mūrītānīyah] Islamic Republic of Mauritania
17%
日本 国 [Nihon-koku, Nippon-koku] Japan
17%
Druk Gyalkhap Kingdom of Bhutan
17%
Kongeriget Danmark Kingdom of Denmark
17%
المملكة المغربية [Al Mamlakah al Maghribīyah] Kingdom of Morocco
17%
Konungariket Sverige Kingdom of Sweden
17%
ราชอาณาจักรไทย [Ratcha Anachak Thai] Kingdom of Thailand
17%
Pule'anga Tonga Kingdom of Tonga
17%
ສາທາລະນະລັດປະຊາທິປະໄຕປະຊາຊົນລາວ [Sathalanalat Paxathipatai Paxaxôn Lao] Lao People's Democratic Republic
17%
الجمهورية الجزائرية الديمقراطية الشعبية [Al Jumhuriyah al Jaza'iriyah ad Dimuqrātīyah ash Sha'biyah] People's Democratic Republic of Algeria
17%
গণপ্রজাতন্ত্রী বাংলাদেশ [Gaṇaprajātantrī Bāṁlādesh] People's Republic of Bangladesh
17%
中华人民共和国 [Zhonghua Renmin Gongheguo] People's Republic of China
17%
Fürstentum Liechtenstein Principality of Liechtenstein
17%
Հայաստանի Հանրապետություն [Hayastani Hanrapetut'yun] Republic of Armenia
17%
Azərbaycan Respublikası Republic of Azerbaijan
17%
Lefatshe la Botswana Republic of Botswana
17%
Republika y'u Burundi Republic of Burundi
17%
República de Chile Republic of Chile
17%
中华民国 Republic of China
17%
République de Côte d'Ivoire Republic of Côte d'Ivoire
17%
Republika Hrvatska Republic of Croatia
17%
Suomen Tasavalta Republic of Finland
17%
Republika e Kosovës Republic of Kosovo
17%
Republic of Liberia Republic of Liberia
17%
република Северна Македонија [republika Severna Makedonija] Republic of North Macedonia
17%
Beluu ęr a Belau Republic of Palau
17%
República del Perú Republic of Peru
17%
Republiek Suriname Republic of Suriname
17%
République du Niger Republic of the Niger
17%
جمهورية السودان [Jumhūrīyat as Sūdān] Republic of the Sudan
17%
република Съюз на Мианмар [Pyidaungzu Thammada Myanma Naingngandaw] Republic of the Union of Myanmar
17%
Republic of Trinidad and Tobago Republic of Trinidad and Tobago
17%
جمهورية اليمن [Jumhuriyat al-Yaman] Republic of Yemen
17%
Slovenská Republika Slovak Republic
17%
Cộng Hòa Xã Hội Chủ Nghĩa Việt Nam Socialist Republic of Vietnam
17%
መንግስቲ ኤርትራ State of Eritrea
17%
מדינת ישראל [Medinat Yisrael] State of Israel
17%
دولة الكويت [Dalwat al-Kuwayt] State of Kuwait
17%
دولة قطر [Dalwat Qaţar] State of Qatar
17%
الجمهورية العربية السورية [Jumhūrīyah al 'Arabīyah as Sūrīyah] Syrian Arab Republic
17%
Udzima wa Komori Union of the Comoros
17%
United Kingdom of Great Britain and Northern Ireland United Kingdom of Great Britain and Northern Ireland
17%
Jamhuri ya Muungano wa Tanzania United Republic of Tanzania
17%
Stato Della Cittá del Vaticano Vatican City State
17%
Commonwealth of the Bahamas Bahamas
0%
Negara Brunei Darussalam Negara Brunei Darussalam
0%
Matanitu Taukie Fiji Republic of Fiji
0%
ރިޕަބްލިކް އޮފް މޯލްޑިވްސް [Dhivehi Raajjeyge Jumhooriyyaa] Republic of Maldives
0%
Türkiye Cumhuriyeti Republic of Türkiye
0%
ليبيا State of Libya
0%
No matching quizzes found
Score Distribution
Percent of People with Each Score
Percentile by Number Answered
Your Score History
You have not taken this quiz